<?xml version="1.0" encoding="UTF-8"?>
<collection xmlns="http://www.loc.gov/MARC21/slim">
 <record>
  <leader>01621nam0a2200277   4500</leader>
  <controlfield tag="001">in00000002815</controlfield>
  <controlfield tag="005">20230112131341.3</controlfield>
  <datafield tag="010" ind1=" " ind2=" ">
   <subfield code="a">978-7-5201-9968-1</subfield>
   <subfield code="b">精装</subfield>
   <subfield code="d">CNY68.80</subfield>
  </datafield>
  <datafield tag="035" ind1=" " ind2=" ">
   <subfield code="a">011868067</subfield>
  </datafield>
  <datafield tag="100" ind1=" " ind2=" ">
   <subfield code="a">20220721d2022    em y0chiy50      ea</subfield>
  </datafield>
  <datafield tag="101" ind1="1" ind2=" ">
   <subfield code="a">chi</subfield>
   <subfield code="c">fre</subfield>
  </datafield>
  <datafield tag="102" ind1=" " ind2=" ">
   <subfield code="a">CN</subfield>
   <subfield code="b">110000</subfield>
  </datafield>
  <datafield tag="105" ind1=" " ind2=" ">
   <subfield code="a">a   z   001yy</subfield>
  </datafield>
  <datafield tag="106" ind1=" " ind2=" ">
   <subfield code="a">r</subfield>
  </datafield>
  <datafield tag="200" ind1="1" ind2=" ">
   <subfield code="a">超级制造</subfield>
   <subfield code="9">chao ji zhi zao</subfield>
   <subfield code="e">后精益生产时代，第四次工业革命的新模式</subfield>
   <subfield code="d">Hyper-manufacturing</subfield>
   <subfield code="e">l'apres lean, un nouveau modele pour la 4e revolution industrielle</subfield>
   <subfield code="f">(法)迈克尔·瓦伦丁(Michael Valentin)著</subfield>
   <subfield code="g">陈明浩译</subfield>
   <subfield code="z">fre</subfield>
  </datafield>
  <datafield tag="210" ind1=" " ind2=" ">
   <subfield code="a">北京</subfield>
   <subfield code="c">社会科学文献出版社</subfield>
   <subfield code="d">2022</subfield>
  </datafield>
  <datafield tag="215" ind1=" " ind2=" ">
   <subfield code="a">196页</subfield>
   <subfield code="c">图</subfield>
   <subfield code="d">21cm</subfield>
  </datafield>
  <datafield tag="300" ind1=" " ind2=" ">
   <subfield code="a">精英思想会</subfield>
  </datafield>
  <datafield tag="330" ind1=" " ind2=" ">
   <subfield code="a">本书作者在总结了全球顶级工业制造商与互联网企业的优秀实践经验后，提出了精益生产的升级版——超级制造。作者走访了众多中小型企业和大型集团，如施耐德电气、加拿大力士公司、法国尚飞、法国索迪斯塔、JPB系统等，收集了大量商业案例。结合这些案例，为企业管理者揭开超级制造的原则和企业成功转型的秘诀。</subfield>
  </datafield>
  <datafield tag="510" ind1="1" ind2=" ">
   <subfield code="a">Hyper-manufacturing</subfield>
   <subfield code="e">l'apres lean, un nouveau modele pour la 4e revolution industrielle</subfield>
   <subfield code="z">fre</subfield>
  </datafield>
  <datafield tag="606" ind1="0" ind2=" ">
   <subfield code="a">产业革命</subfield>
   <subfield code="x">研究</subfield>
   <subfield code="y">世界</subfield>
   <subfield code="z">现代</subfield>
  </datafield>
  <datafield tag="690" ind1=" " ind2=" ">
   <subfield code="a">F419</subfield>
   <subfield code="v">5</subfield>
  </datafield>
  <datafield tag="701" ind1=" " ind2="0">
   <subfield code="c">(法)</subfield>
   <subfield code="a">瓦伦丁</subfield>
   <subfield code="9">wa lun ding</subfield>
   <subfield code="c">(Valentin, Michael)</subfield>
   <subfield code="4">著</subfield>
  </datafield>
  <datafield tag="702" ind1=" " ind2="0">
   <subfield code="a">陈明浩</subfield>
   <subfield code="9">chen ming hao</subfield>
   <subfield code="4">译</subfield>
  </datafield>
  <datafield tag="999" ind1="f" ind2="f">
   <subfield code="s">f2df0428-f28d-4dc6-9162-257e0434fcfb</subfield>
   <subfield code="i">566b6767-957c-4f91-8207-db1beb2c6d62</subfield>
  </datafield>
  <datafield tag="952" ind1="f" ind2="f">
   <subfield code="a">杭研究院</subfield>
   <subfield code="b">研究院</subfield>
   <subfield code="c">杭研究院图书馆</subfield>
   <subfield code="d">杭研究院总馆</subfield>
  </datafield>
 </record>
</collection>
